La educación de sí mismo / (Record no. 17391)

MARC details
000 -CABECERA
campo de control de longitud fija 00608nam a2200193 a 4500
005 - FECHA Y HORA DE LA ÚLTIMA TRANSACCIÓN
campo de control 20250408063820.0
008 - ELEMENTOS DE LONGITUD FIJA--INFORMACIÓN GENERAL
campo de control de longitud fija 991125s1967 es 000 0 spa u
035 ## - NÚMERO DE CONTROL DEL SISTEMA
Número de control de sistema UPN01000017391
049 ## - COLECCIÓN
Colección CG
050 #4 - SIGNATURA TOPOGRÁFICA DE LA BIBLIOTECA DEL CONGRESO
Número de clasificación LC31
Número de documento/Ítem S3.48 1967
100 1# - ASIENTO PRINCIPAL--NOMBRE PERSONAL
Nombre de persona Schneider, Friedrich Wilhelm,
Fechas asociadas al nombre 1881-1974
9 (RLIN) 42880
245 13 - MENCIÓN DE TÍTULO
Título La educación de sí mismo /
Mención de responsabilidad, etc. Friedrich Schneider ; tr. por Constantino Ruiz Garrido.
250 ## - MENCIÓN DE EDICIÓN
Mención de edición 3a ed.
260 ## - PUBLICACIÓN, DISTRIBUCIÓN, ETC.
Lugar de publicación, distribución, etc. Barcelona [Esp.] :
Nombre del editor, distribuidor, etc. Herder,
Fecha de publicación, distribución, etc. 1967.
300 ## - DESCRIPCIÓN FÍSICA
Extensión 334 p.
440 #0 - MENCIÓN DE SERIE/ASIENTO SECUNDARIO--TÍTULO
Título Biblioteca Herder.
Nombre de parte o sección de la obra Sección de pedagogía ;
Designación de volumen o secuencia 35
650 #4 - ASIENTO SECUNDARIO DE MATERIA - TERMINO TEMATICO
Término de materia o nombre geográfico como elemento de entrada Autoeducación
9 (RLIN) 2905
905 ## - TIPO DE MATERIAL
Tipo de material Libro
Holdings
Estado de retiro Estado de pérdida Fuente del sistema de clasificación o colocación Estado dañado No para préstamo Código de colección Localización permanente Ubicación/localización actual Ubicación en estantería Total de préstamos Clasificación Código de barras Fecha visto por última vez Número de copia Tipo de ítem Koha
    Library of Congress Classification     Colección General Bib. Gregorio Torres Quintero Bib. Gregorio Torres Quintero Planta baja 2 LC31 S3.48 1967 67796 31/12/2020 1 Libro